000 00533nam a2200217Ia 4500
005 20241129115530.0
008 241129s9999||||xx |||||||||||||| ||und||
020 _a9789814740548
037 _aTB
040 _aSDCL
_beng
_cSDCL
041 _aeng
_2eng
084 _aB43 Q4
_qSDCL
100 _aPersson Lars-Erik
245 0 _aMatrix spaces and schur multipilers
260 _aLondon
_bWorld
_c2014
300 _a192p.
365 _aINR
_b0
650 _aGift
942 _cTB
_hB43 Q4
999 _c1230851
_d1230851